[Event "Hilversum op-A"]
[Site "Hilversum"]
[Date "2013.06.21"]
[Round "1"]
[White "Van Engen, Herman J"]
[Black "Guliyev, Namig"]
[Result "0-1"]
[WhiteElo "2071"]
[BlackElo "2561"]
[PlyCount "66"]
[EventDate "2013.06.21"]
[EventType "swiss"]
[EventRounds "6"]
[EventCountry "NED"]
[SourceTitle "CBM 155 Extra"]
[Source "ChessBase"]
[SourceDate "2013.08.26"]
[SourceVersion "1"]
[SourceVersionDate "2013.08.26"]
[SourceQuality "1"]

1. d4 d5 2. c4 dxc4 3. Nf3 Nf6 4. e3 e6 5. Bxc4 a6 6. 0-0 Nbd7 7. a4 b6 8. Nc3 Bb7 9. Qe2 Bb4 10. Rd1 0-0 11. Bd3 c5 12. Na2 Ba5 13. e4 Re8 14. e5 Bxf3 15. gxf3 Nd5 16. Bxa6 cxd4 17. Bb5 Nc5 18. Bxe8 Qxe8 19. Qc4 Nxa4 20. Qxd4 b5 21. Qg4 g6 22. Kh1 h5 23. Qg5 b4 24. Qh6 Bc7 25. Re1 b3 26. Nc3 Ndxc3 27. bxc3 b2 28. Bxb2 Nxb2 29. Qg5 Nd3 30. Rxa8 Qxa8 31. Re3 Nxf2+ 32. Kg2 Qa2 33. Kf1 Qd2 0-1

[Event "VAM Hoogeveen op"]
[Site "Hoogeveen"]
[Date "1998.10.22"]
[Round "7"]
[White "Remmel, Tim"]
[Black "Van Engen, Herman J"]
[Result "1/2-1/2"]
[WhiteElo "2235"]
[BlackElo "2135"]
[PlyCount "93"]
[EventDate "1998.09.??"]
[EventType "swiss"]
[EventRounds "9"]
[EventCountry "NED"]
[SourceTitle "EXT 1999"]
[Source "ChessBase"]
[SourceDate "1998.11.16"]
[SourceVersion "1"]
[SourceVersionDate "1998.11.16"]
[SourceQuality "1"]

1. e4 c5 2. Nf3 e6 3. d4 cxd4 4. Nxd4 Nc6 5. Nc3 Qc7 6. g3 a6 7. Bg2 Nf6 8. Nb3 b5 9. 0-0 Bb7 10. Qe2 d6 11. Be3 Be7 12. f4 0-0 13. a3 Rac8 14. Rad1 b4 15. axb4 Nxb4 16. g4 a5 17. Rf2 a4 18. Nd4 Ba6 19. Qf3 a3 20. Ndb5 Bxb5 21. Nxb5 Qa5 22. Nxa3 d5 23. exd5 Nfxd5 24. c3 Nxe3 25. Qxe3 Nc6 26. Nc2 Bc5 27. Nd4 Nxd4 28. cxd4 Bb6 29. Rfd2 Rfd8 30. Kh1 Qb4 31. Qa3 Qxd2 32. Rxd2 Rc1+ 33. Bf1 Rxf1+ 34. Kg2 Rxf4 35. h3 Bxd4 36. Qe7 Rf8 37. Rc2 g6 38. b4 Bf6 39. Qd6 Rd4 40. Qc5 Rb8 41. Rf2 Bg7 42. Rxf7 Rdxb4 43. Rxg7+ Kxg7 44. Qe7+ Kg8 45. Qxe6+ Kf8 46. Qf6+ Kg8 47. Qe6+ 1/2-1/2

[Event "VAM Hoogeveen op"]
[Site "Hoogeveen"]
[Date "1998.10.20"]
[Round "5"]
[White "Van Engen, Herman J"]
[Black "Van der Veen, Jan"]
[Result "1-0"]
[WhiteElo "2135"]
[BlackElo "2105"]
[PlyCount "65"]
[EventDate "1998.09.??"]
[EventType "swiss"]
[EventRounds "9"]
[EventCountry "NED"]
[SourceTitle "EXT 1999"]
[Source "ChessBase"]
[SourceDate "1998.11.16"]
[SourceVersion "1"]
[SourceVersionDate "1998.11.16"]
[SourceQuality "1"]

1. e4 e5 2. Nf3 Nc6 3. Bb5 Nf6 4. 0-0 Nxe4 5. d4 Nd6 6. Bxc6 dxc6 7. dxe5 Nf5 8. Qxd8+ Kxd8 9. Nc3 Ke8 10. h3 h6 11. Bf4 Be6 12. Ne4 c5 13. Nc3 a6 14. Rad1 Rd8 15. Rxd8+ Kxd8 16. g4 Ne7 17. Bg3 Kc8 18. Rd1 Bd7 19. Nd2 h5 20. f3 hxg4 21. hxg4 Nc6 22. Nd5 Nd4 23. c3 Ne2+ 24. Kf2 Nxg3 25. Kxg3 f5 26. exf6 Bd6+ 27. f4 g5 28. Ne4 gxf4+ 29. Nxf4 Rg8 30. Nxd6+ cxd6 31. Rxd6 Rxg4+ 32. Kf3 Rg8 33. f7 1-0

[Event "VAM Hoogeveen op"]
[Site "Hoogeveen"]
[Date "1998.10.16"]
[Round "1"]
[White "Solomon, Stephen J"]
[Black "Van Engen, Herman J"]
[Result "1-0"]
[WhiteElo "2435"]
[BlackElo "2135"]
[PlyCount "55"]
[EventDate "1998.09.??"]
[EventType "swiss"]
[EventRounds "9"]
[EventCountry "NED"]
[SourceTitle "EXT 1999"]
[Source "ChessBase"]
[SourceDate "1998.11.16"]
[SourceVersion "1"]
[SourceVersionDate "1998.11.16"]
[SourceQuality "1"]

1. e4 c5 2. Nf3 e6 3. d4 cxd4 4. Nxd4 Nc6 5. Nc3 Qc7 6. Be2 a6 7. 0-0 Nf6 8. Be3 Bb4 9. Nxc6 dxc6 10. Na4 Bd6 11. Bb6 Qe7 12. Qd3 Nd7 13. Rad1 Bb8 14. Qe3 0-0 15. Rxd7 Bxd7 16. Rd1 Bc8 17. g3 Bc7 18. Bc5 Qf6 19. Bxf8 Kxf8 20. Nb6 Rb8 21. f4 Qxb2 22. Qc5+ Kg8 23. Nc4 Qxc2 24. Qe7 h6 25. Bh5 g6 26. Qxc7 gxh5 27. Rd8+ Kg7 28. Qe5+ 1-0